[Event "Gran pri CS 2010-2011"]
[Site "Despotovac"]
[Date "2011.10.22"]
[Round "1"]
[White "Ivanisevic, Ivan"]
[Black "Martinovic, Slobodan"]
[Result "1-0"]
[WhiteElo "2633"]
[BlackElo "2436"]
[PlyCount "30"]
[Source "Perpetual Check"]

1. d4 Nf6 2. Nf3 c5 3. d5 d6 4. Nc3 Qa5 5. Bd2 Bg4 6. e4 Nbd7 7. h3 Bxf3 8.
Qxf3 g6 9. a4 Bg7 10. Be2 O-O 11. O-O Ne8 12. Qg3 Nc7 13. Ra3 Na6 14. Nb1 Qc7
15. c3 {more moves} 1-0

[Event "Gran pri CS 2010-2011"]
[Site "Despotovac"]
[Date "2011.10.22"]
[Round "1"]
[White "Tosic, Miroslav"]
[Black "Damljanovic, Branko"]
[Result "0-1"]
[WhiteElo "2434"]
[BlackElo "2607"]
[PlyCount "62"]
[Source "Perpetual Check"]

1. e4 c5 2. Nf3 d6 3. d4 cxd4 4. Qxd4 a6 5. h3 Nc6 6. Qe3 g6 7. c4 Bg7 8. Nc3
Nf6 9. Bd3 O-O 10. O-O Nd7 11. Rd1 b6 12. Bf1 Bb7 13. b3 Nc5 14. Bb2 e6 15. Rd2
Qe7 16. Rad1 Rfd8 17. Nh2 Rac8 18. f4 h6 19. Nf3 Ba8 20. Kh1 Rc7 21. Bd3 Nxd3
22. Rxd3 b5 23. cxb5 axb5 24. Qe2 Nb4 25. Re3 Rb8 26. Nxb5 Rc2 27. Rd2 Rxb2 28.
Rxb2 Bxb2 29. a4 Bc1 30. Rc3 Bxf4 31. Rc7 Qf6 0-1

[Event "Gran pri CS 2010-2011"]
[Site "Despotovac"]
[Date "2011.10.22"]
[Round "1"]
[White "Perunovic, Milos"]
[Black "Pavlovic, Dejan S"]
[Result "1-0"]
[WhiteElo "2576"]
[BlackElo "2430"]
[PlyCount "32"]
[Source "Perpetual Check"]

1. e4 c5 2. Nc3 Nc6 3. Bb5 g6 4. Bxc6 dxc6 5. d3 Bg7 6. Be3 b6 7. Qd2 h6 8. f4
Nf6 9. h3 O-O 10. Nf3 Kh7 11. g4 Ne8 12. O-O-O Nc7 13. f5 Nb5 14. Ne2 Nd4 15.
Nexd4 cxd4 16. Bf4 e6 1-0

[Event "Gran pri CS 2010-2011"]
[Site "Despotovac"]
[Date "2011.10.22"]
[Round "1"]
[White "Ristic, Nenad"]
[Black "Kovacevic, Aleksandar"]
[Result "0-1"]
[WhiteElo "2420"]
[BlackElo "2568"]
[PlyCount "38"]
[Source "Perpetual Check"]

1. e4 c5 2. c3 Nf6 3. e5 Nd5 4. d4 cxd4 5. Nf3 Nc6 6. Bc4 Nb6 7. Bb3 d5 8. exd6
Qxd6 9. O-O Be6 10. Bxe6 Qxe6 11. Nxd4 Nxd4 12. Qxd4 Rd8 13. Qh4 Qe2 14. Nd2
Rxd2 15. Bxd2 Qxd2 16. Rfd1 Qxb2 17. Qg3 f6 18. Qb8+ Kf7 19. Qxb7 Qxc3 0-1

[Event "Gran pri CS 2010-2011"]
[Site "Despotovac"]
[Date "2011.10.22"]
[Round "1"]
[White "Pikula, Dejan"]
[Black "Lapcevic, Milos"]
[Result "0-1"]
[WhiteElo "2518"]
[BlackElo "2420"]
[PlyCount "42"]
[Source "Perpetual Check"]

1. d4 d6 2. e4 Nf6 3. Nc3 e5 4. Nf3 Nbd7 5. g3 c6 6. Bg2 b5 7. a3 Bb7 8. O-O
Be7 9. Re1 O-O 10. b3 Re8 11. Bb2 Bf8 12. Qd2 a6 13. Rad1 Qc7 14. h3 g6 15. Qc1
Bg7 16. dxe5 dxe5 17. Nh2 Nf8 18. Na2 Ne6 19. Nb4 Nd4 20. Nf3 c5 21. Nxd4 cxd4
0-1

[Event "Gran pri CS 2010-2011"]
[Site "Despotovac"]
[Date "2011.10.22"]
[Round "1"]
[White "Arsovic, Goran"]
[Black "Milanovic, Danilo"]
[Result "0-1"]
[WhiteElo "2409"]
[BlackElo "2516"]
[PlyCount "47"]
[Source "Perpetual Check"]

1. d4 Nf6 2. c4 e6 3. Nc3 Bb4 4. Qc2 O-O 5. Nf3 d6 6. g3 b6 7. Bg2 Bb7 8. O-O
Bxc3 9. Qxc3 Nbd7 10. b3 c5 11. Bb2 Qc7 12. Rad1 Rfd8 13. d5 e5 14. Nh4 Re8 15.
e4 Ng4 16. Bh3 Ndf6 17. f3 Nh6 18. Bc1 Bc8 19. Bxc8 Raxc8 20. Bxh6 gxh6 21. Qe3
Kh8 22. Qxh6 Qd8 23. Nf5 Rg8 24. Kh1 0-1

[Event "Gran pri CS 2010-2011"]
[Site "Despotovac"]
[Date "2011.10.22"]
[Round "2"]
[White "Abramovic, Bosko"]
[Black "Ivanisevic, Ivan"]
[Result "0-1"]
[WhiteElo "2463"]
[BlackElo "2633"]
[PlyCount "74"]
[Source "Perpetual Check"]

1. d4 Nf6 2. c4 e6 3. Nf3 d5 4. Nc3 c6 5. e3 Nbd7 6. Bd3 dxc4 7. Bxc4 b5 8. Bd3
a6 9. a4 b4 10. Ne4 c5 11. Nxf6+ Nxf6 12. dxc5 Bxc5 13. Qe2 Bb7 14. e4 O-O 15.
O-O Qc7 16. b3 Rfd8 17. Bb2 Rxd3 18. Qxd3 Bxe4 19. Qe2 Qf4 20. Be5 Qf5 21. Rfd1
Nd5 22. Bd4 Bf8 23. Rac1 g5 24. Ne1 Nf4 25. Qe3 Rd8 26. f3 Bd5 27. Kh1 h5 28.
Bb2 Ng6 29. Nd3 g4 30. Ne1 h4 31. Qd3 Qxd3 32. Rxd3 Nf4 33. Rd2 h3 34. fxg4
hxg2+ 35. Nxg2 Nxg2 36. Rxg2 Bxg2+ 37. Kxg2 Rd2+ 0-1

[Event "Gran pri CS 2010-2011"]
[Site "Despotovac"]
[Date "2011.10.22"]
[Round "2"]
[White "Arsovic, Zoran"]
[Black "Perunovic, Milos"]
[Result "1/2-1/2"]
[WhiteElo "2444"]
[BlackElo "2576"]
[PlyCount "58"]
[Source "Perpetual Check"]

1. Nf3 Nf6 2. c4 c5 3. Nc3 Nc6 4. g3 d5 5. d4 cxd4 6. Nxd4 dxc4 7. Nxc6 Qxd1+
8. Nxd1 bxc6 9. Bg2 Nd5 10. Ne3 e6 11. Nxc4 Ba6 12. Na5 Rc8 13. Bd2 Be7 14. Rc1
c5 15. b3 O-O 16. O-O Rfd8 17. Bf3 Kf8 18. Rfd1 Rc7 19. Be1 Ke8 20. a3 Rcc8 21.
e3 f6 22. h4 g6 23. Bg4 Kf7 24. Bf3 h5 25. Kg2 Ke8 26. Be4 Kf7 27. Bf3 Ke8 28.
Be4 Kf7 29. Bf3 Ra8 1/2-1/2

[Event "Gran pri CS 2010-2011"]
[Site "Despotovac"]
[Date "2011.10.22"]
[Round "2"]
[White "Kovacevic, Aleksandar"]
[Black "Zlatanovic, Boroljub"]
[Result "1-0"]
[WhiteElo "2568"]
[BlackElo "2437"]
[PlyCount "51"]
[Source "Perpetual Check"]

1. e4 e6 2. d4 d5 3. Nc3 Bb4 4. a3 Bxc3+ 5. bxc3 dxe4 6. Qg4 Nf6 7. Qxg7 Rg8 8.
Qh6 Rg6 9. Qe3 Nc6 10. Ne2 Ne7 11. c4 Nf5 12. Qc3 b6 13. Bf4 Ba6 14. h3 Nd6 15.
Ng3 Qd7 16. a4 Qc6 17. d5 Nxd5 18. Qh8+ Ke7 19. cxd5 Qxc2 20. Qe5 Bc4 21. Rc1
Qxa4 22. Bxc4 Nxc4 23. Qxc7+ Kf8 24. dxe6 Qb4+ 25. Kf1 Rxe6 26. Qxc4 1-0

[Event "Gran pri CS 2010-2011"]
[Site "Despotovac"]
[Date "2011.10.22"]
[Round "2"]
[White "Milanovic, Danilo"]
[Black "Lapcevic, Milos"]
[Result "1-0"]
[WhiteElo "2516"]
[BlackElo "2420"]
[PlyCount "67"]
[Source "Perpetual Check"]

1. d4 Nf6 2. Bg5 e6 3. e3 c5 4. c3 d5 5. Nf3 Nc6 6. Nbd2 Qb6 7. Rb1 Bd7 8. Bd3
Be7 9. O-O h6 10. Bh4 Qc7 11. dxc5 Bxc5 12. Bxf6 gxf6 13. e4 dxe4 14. Nxe4 Be7
15. Qe2 f5 16. Ned2 e5 17. Bb5 e4 18. Bxc6 bxc6 19. Rfe1 O-O-O 20. Nd4 Rhg8 21.
b4 Rg5 22. b5 Rdg8 23. g3 c5 24. Nc6 Bd6 25. Nc4 Bxg3 26. fxg3 Rxg3+ 27. Kh1
Bxc6 28. bxc6 Rg2 29. Qh5 Qxc6 30. Qxf5+ Kd8 31. Ne5 Qc7 32. Rb8+ Ke7 33. Qxf7+
Kd6 34. Rd1+ 1-0

[Event "Gran pri CS 2010-2011"]
[Site "Despotovac"]
[Date "2011.10.22"]
[Round "3"]
[White "Milanovic, Danilo"]
[Black "Damljanovic, Branko"]
[Result "0-1"]
[WhiteElo "2516"]
[BlackElo "2607"]
[PlyCount "118"]
[Source "Perpetual Check"]

1. d4 d6 2. Nf3 Nf6 3. c4 g6 4. Nc3 Bg7 5. e4 O-O 6. Be2 e5 7. O-O Nc6 8. d5
Ne7 9. Ne1 Nd7 10. f3 f5 11. Be3 f4 12. Bf2 g5 13. g4 fxg3 14. hxg3 Ng6 15. Nd3
h5 16. Qd2 h4 17. g4 Nf4 18. Kh2 Rf7 19. Nd1 Nf8 20. Ne3 N8g6 21. Nf5 Bf8 22.
Rfc1 c5 23. Bd1 Bd7 24. a3 b5 25. b4 bxc4 26. Nxf4 exf4 27. bxc5 dxc5 28. Rxc4
Ne5 29. Rc3 Qa5 30. Rac1 Rc8 31. Qc2 Bxf5 32. gxf5 c4 33. Bd4 Bd6 34. Be2 g4
35. fxg4 f3 36. Bf1 Rg7 37. Kh1 Rxg4 38. Qh2 Rxe4 39. Bxe5 Bxe5 40. Qg1+ Bg3
41. Rxf3 Qb6 42. Qg2 Rg4 43. f6 Qd4 44. Be2 Kf7 45. Rd1 Qe4 46. Qf1 Bd6 47. Rc1
c3 48. Bd3 Qxd5 49. Bf5 Rg3 50. Bxc8 Rxf3 51. Qg2 Kxf6 52. Rg1 Rd3 53. Rf1+ Ke7
54. Bf5 Qxg2+ 55. Kxg2 h3+ 56. Kf2 Rd2+ 57. Ke3 h2 58. a4 Bc5+ 59. Ke4 Bg1 0-1

[Event "Gran pri CS 2010-2011"]
[Site "Despotovac"]
[Date "2011.10.22"]
[Round "3"]
[White "Pavlovic, Goran"]
[Black "Perunovic, Milos"]
[Result "0-1"]
[WhiteElo "2406"]
[BlackElo "2576"]
[PlyCount "66"]
[Source "Perpetual Check"]

1. d4 d5 2. c4 e6 3. Nc3 c6 4. e3 Nf6 5. Nf3 Nbd7 6. Bd3 dxc4 7. Bxc4 b5 8. Bd3
a6 9. e4 c5 10. e5 cxd4 11. Nxb5 axb5 12. exf6 gxf6 13. O-O Qb6 14. Bf4 Bb7 15.
Qe2 Rg8 16. Bxh7 Rg7 17. Be4 Rd8 18. Rac1 Bxe4 19. Qxe4 Nc5 20. Qe2 e5 21. Nxe5
fxe5 22. Qxe5+ Ne6 23. Rfe1 Be7 24. a3 d3 25. Rcd1 Qc5 26. Bg3 Qxe5 27. Rxe5
Rg5 28. Re4 Rc5 29. Kf1 Rc2 30. Re3 d2 31. Be5 Kf8 32. Bc3 Rc1 33. Ke2 Nf4+ 0-1

[Event "Gran pri CS 2010-2011"]
[Site "Despotovac"]
[Date "2011.10.22"]
[Round "3"]
[White "Todorovic, Goran M"]
[Black "Arsovic, Zoran"]
[Result "1/2-1/2"]
[WhiteElo "2487"]
[BlackElo "2444"]
[PlyCount "42"]
[Source "Perpetual Check"]

1. e4 c5 2. Nf3 e6 3. d4 cxd4 4. Nxd4 Nc6 5. Nc3 Qc7 6. Be3 Nf6 7. Be2 Be7 8.
O-O O-O 9. f4 d6 10. Kh1 Nxd4 11. Bxd4 e5 12. Be3 b6 13. Bd3 Bb7 14. Qf3 Rad8
15. Qh3 Qc8 16. f5 d5 17. exd5 Nxd5 18. Ne4 f6 19. Bd2 Nb4 20. Bxb4 Kh8 21. Qg3
Kg8 1/2-1/2

[Event "Gran pri CS 2010-2011"]
[Site "Despotovac"]
[Date "2011.10.22"]
[Round "3"]
[White "Novoselski, Zoran"]
[Black "Tadic, Branko"]
[Result "1-0"]
[WhiteElo "2384"]
[BlackElo "2486"]
[PlyCount "63"]
[Source "Perpetual Check"]

1. b3 e5 2. Bb2 Nc6 3. e3 Nf6 4. Bb5 Bd6 5. d4 e4 6. Nd2 O-O 7. Nh3 Ne7 8. Nc4
Bb4+ 9. c3 c6 10. cxb4 cxb5 11. Nd2 Ned5 12. a3 d6 13. Ng1 Re8 14. Ne2 Ng4 15.
Ng3 Qh4 16. Ndf1 f5 17. h3 Ngxe3 18. fxe3 Nxe3 19. Qh5 Be6 20. d5 Nxg2+ 21. Kf2
e3+ 22. Kxg2 Bxd5+ 23. Kh2 Qxh5 24. Nxh5 Bxh1 25. Nxg7 e2 26. Nxe8 Rxe8 27. Bc3
exf1=Q 28. Rxf1 Be4 29. Rg1+ Kf8 30. Kg3 Re6 31. Kf4 Rh6 32. Bg7+ 1-0

[Event "Gran pri CS 2010-2011"]
[Site "Despotovac"]
[Date "2011.10.22"]
[Round "3"]
[White "Ristic, Nenad"]
[Black "Lajthajm, Borko"]
[Result "0-1"]
[WhiteElo "2420"]
[BlackElo "2496"]
[PlyCount "112"]
[Source "Perpetual Check"]

1. e4 e5 2. Nf3 Nc6 3. Nc3 d6 4. d4 Bg4 5. dxe5 dxe5 6. Qxd8+ Rxd8 7. Bb5 Bxf3
8. Bxc6+ bxc6 9. gxf3 Bb4 10. Be3 a6 11. Ke2 Ne7 12. Na4 Ng6 13. a3 Be7 14.
Rhd1 h5 15. Nc5 Bxc5 16. Bxc5 Nf4+ 17. Kf1 f6 18. Be3 Ne6 19. Rxd8+ Kxd8 20.
Ke2 Kc8 21. Rd1 Rd8 22. Rd3 Rd6 23. b4 h4 24. c4 Kb7 25. c5 Rxd3 26. Kxd3 a5
27. Kc4 Ka6 28. Bc1 axb4 29. axb4 h3 30. Be3 g5 31. b5+ Kb7 32. b6 Nf8 33. bxc7
Kxc7 34. Bd2 Kc8 35. Kd3 Ne6 36. Bb4 Nd4 37. f4 gxf4 38. Bc3 Ne6 39. Bb4 Ng5
40. Ba3 Kb7 41. Ke2 Nxe4 42. Kf3 f5 43. Bb2 Nd2+ 44. Ke2 Nc4 45. Bc3 e4 46. f3
Ka6 47. Bg7 Ne3 48. Be5 Nd5 49. Bd6 Kb5 50. Kf2 Kc4 51. Ke2 Kd4 52. Bf8 Nc3+
53. Kf2 Kd3 54. Bg7 Kd2 55. Be5 e3+ 56. Kg1 Nd5 0-1

[Event "Gran pri CS 2010-2011"]
[Site "Despotovac"]
[Date "2011.10.22"]
[Round "4"]
[White "Damljanovic, Branko"]
[Black "Ivanisevic, Ivan"]
[Result "1/2-1/2"]
[WhiteElo "2607"]
[BlackElo "2633"]
[PlyCount "72"]
[Source "Perpetual Check"]

1. d4 Nf6 2. Nf3 d5 3. c4 e6 4. g3 dxc4 5. Bg2 b5 6. a4 c6 7. Ne5 Nd5 8. O-O f6
9. Nf3 Be7 10. e4 Nb4 11. Nc3 O-O 12. axb5 cxb5 13. Nxb5 N8c6 14. Be3 Qd7 15.
Qc1 Ba6 16. Qxc4 Rfc8 17. Rxa6 Nxa6 18. Nc3 Nab4 19. Bh3 Nd8 20. Qe2 Qc6 21.
Rd1 Qc4 22. d5 Qxe2 23. Nxe2 Rc4 24. dxe6 Rxe4 25. Rd7 Ndc6 26. Nfd4 Re8 27.
Bg2 Nxd4 28. Bxe4 Nxe6 29. Nc3 Bc5 30. Nd5 Bxe3 31. Nxb4 Bb6 32. Bd5 Kf8 33.
Nc6 a5 34. b3 Nd8 35. Nxd8 Rxd8 36. Rxd8+ Bxd8 1/2-1/2

[Event "Gran pri CS 2010-2011"]
[Site "Despotovac"]
[Date "2011.10.22"]
[Round "4"]
[White "Perunovic, Milos"]
[Black "Novoselski, Zoran"]
[Result "1-0"]
[WhiteElo "2576"]
[BlackElo "2384"]
[PlyCount "79"]
[Source "Perpetual Check"]

1. e4 c5 2. Nf3 g6 3. d4 cxd4 4. Nxd4 Bg7 5. c4 Nc6 6. Nc2 d6 7. Be2 Nf6 8. Nc3
Nd7 9. Bd2 a5 10. O-O Nc5 11. Qc1 Nb4 12. Na3 O-O 13. Bh6 Ncd3 14. Bxd3 Nxd3
15. Qd2 Bxh6 16. Qxh6 Be6 17. b3 Qb6 18. Nab5 Nc5 19. Rae1 a4 20. Nd5 Bxd5 21.
exd5 axb3 22. Re3 Nd7 23. axb3 Rfe8 24. Rfe1 Nf8 25. h4 e5 26. dxe6 Rxe6 27. h5
Rxe3 28. Rxe3 d5 29. hxg6 Nxg6 30. Rh3 dxc4 31. Qxh7+ Kf8 32. Rf3 Qe6 33. bxc4
Ra6 34. Re3 Qd7 35. Nc3 Re6 36. Nd5 Rxe3 37. Qh6+ Ke8 38. Qxe3+ Kd8 39. Qb6+
Kc8 40. Qxg6 1-0

[Event "Gran pri CS 2010-2011"]
[Site "Despotovac"]
[Date "2011.10.22"]
[Round "4"]
[White "Kovacevic, Aleksandar"]
[Black "Milanovic, Danilo"]
[Result "0-1"]
[WhiteElo "2568"]
[BlackElo "2516"]
[PlyCount "108"]
[Source "Perpetual Check"]

1. e4 d5 2. exd5 Qxd5 3. Nc3 Qd6 4. d4 c6 5. g3 Nf6 6. Bf4 Qb4 7. a3 Qa5 8. b4
Qd8 9. Bc4 Nbd7 10. Nf3 Nb6 11. Bb3 Nbd5 12. Nxd5 Nxd5 13. Ne5 Be6 14. Bd2 g6
15. O-O Bg7 16. Re1 O-O 17. c4 Nb6 18. c5 Bxb3 19. Qxb3 Nd5 20. b5 Qc7 21. bxc6
bxc6 22. Qa4 Bxe5 23. dxe5 Rab8 24. Bh6 Rfe8 25. h4 Rb5 26. h5 e6 27. Qc4 Reb8
28. Bd2 Qe7 29. hxg6 hxg6 30. Rac1 Kg7 31. Kg2 Rh8 32. a4 Rb2 33. Rc2 Qb7 34.
Rec1 Qb3 35. Qe4 Rh5 36. Ba5 Qa2 37. Bd8 Rxc2 38. Rxc2 Qb1 39. Bf6+ Kh7 40. Bh4
Kg7 41. Bf6+ Kg8 42. Bh4 Kg7 43. Bf6+ Nxf6 44. exf6+ Kxf6 45. Qf4+ Kg7 46. Rc1
Qf5 47. Qd4+ e5 48. Qe3 Qh3+ 49. Kf3 Rf5+ 50. Ke2 Qg2 51. Rc4 Qd5 52. Re4 Qa2+
53. Kf1 Rh5 54. Qe1 Qd5 0-1

[Event "Gran pri CS 2010-2011"]
[Site "Despotovac"]
[Date "2011.10.22"]
[Round "4"]
[White "Lajthajm, Borko"]
[Black "Zlatanovic, Boroljub"]
[Result "0-1"]
[WhiteElo "2496"]
[BlackElo "2437"]
[PlyCount "78"]
[Source "Perpetual Check"]

1. d4 d6 2. e4 g6 3. f4 Bg7 4. Nf3 Bg4 5. c3 Nd7 6. Bc4 e6 7. h3 Bxf3 8. Qxf3
Ne7 9. O-O O-O 10. Be3 d5 11. exd5 Nb6 12. Bb3 exd5 13. Bf2 Qd7 14. Nd2 c6 15.
g4 f5 16. Rae1 Rae8 17. Bh4 Nec8 18. Re2 Rxe2 19. Qxe2 Re8 20. Qg2 Nd6 21. Nf3
Ne4 22. Ne5 Qe6 23. Kh2 Rf8 24. gxf5 Qxf5 25. Bc2 Bxe5 26. dxe5 Nc4 27. Bxe4
dxe4 28. Re1 Qxf4+ 29. Bg3 Ne3 30. Bxf4 Nxg2 31. Kxg2 Rxf4 32. Kg3 g5 33. Rd1
Kf7 34. Rd7+ Ke6 35. Rxh7 e3 36. Rh6+ Ke7 37. Rh7+ Kf8 38. h4 e2 39. hxg5 Rf1
0-1

[Event "Gran pri CS 2010-2011"]
[Site "Despotovac"]
[Date "2011.10.22"]
[Round "4"]
[White "Sekulic, Dusan"]
[Black "Todorovic, Goran M"]
[Result "0-1"]
[WhiteElo "2302"]
[BlackElo "2487"]
[PlyCount "126"]
[Source "Perpetual Check"]

1. d4 d5 2. Nf3 Nf6 3. c4 e6 4. e3 c5 5. a3 a6 6. Nbd2 cxd4 7. exd4 b6 8. Bd3
Bb7 9. Qe2 Nc6 10. O-O Be7 11. Rd1 O-O 12. cxd5 Nxd5 13. Ne4 h6 14. Ng3 Re8 15.
Bd2 Bf8 16. Rac1 Qd6 17. Qe4 f5 18. Qe2 Nf4 19. Bxf4 Qxf4 20. Bc4 Kh8 21. Qd2
Qxd2 22. Rxd2 Na5 23. Ne5 Kh7 24. Ba2 Bd5 25. Bxd5 exd5 26. Nxf5 Nb3 27. Rcd1
Nxd2 28. Rxd2 Rac8 29. f4 Rc1+ 30. Kf2 g6 31. Ne3 Rd8 32. h4 h5 33. g3 Be7 34.
Nd3 Rcc8 35. f5 gxf5 36. Nf4 Bd6 37. Nxh5 Kg6 38. Nf4+ Bxf4 39. gxf4 Rc7 40.
Kf3 Kf6 41. h5 Rh7 42. Rh2 Ke6 43. h6 Rc8 44. Rh5 Rf8 45. Rh1 Rf6 46. Rc1 Rfxh6
47. Rc6+ Kd7 48. Rxh6 Rxh6 49. Nxf5 Rh2 50. Ne3 Rxb2 51. Nxd5 Ke6 52. Ke4 b5
53. f5+ Kd7 54. Ke5 Re2+ 55. Kf4 a5 56. Nc3 Rb2 57. d5 b4 58. axb4 axb4 59. Ne4
Rc2 60. f6 b3 61. d6 b2 62. f7 Rc8 63. Nc5+ Kxd6 0-1

[Event "Gran pri CS 2010-2011"]
[Site "Despotovac"]
[Date "2011.10.22"]
[Round "4"]
[White "Arsovic, Zoran"]
[Black "Nestorovic, Nikola"]
[Result "0-1"]
[WhiteElo "2444"]
[BlackElo "2464"]
[PlyCount "64"]
[Source "Perpetual Check"]

1. Nf3 Nf6 2. c4 e6 3. g3 b6 4. Bg2 Bb7 5. O-O Be7 6. d4 O-O 7. Re1 Qc8 8. Bg5
d6 9. Nc3 h6 10. Bxf6 Bxf6 11. e4 c5 12. e5 dxe5 13. dxe5 Be7 14. Qe2 Nc6 15.
Rad1 Rd8 16. h4 a6 17. Qe3 Qc7 18. Nd5 exd5 19. cxd5 Nb4 20. d6 Bxd6 21. exd6
Rxd6 22. Rxd6 Qxd6 23. Qe7 Qxe7 24. Rxe7 Rb8 25. Ne5 Bxg2 26. Kxg2 f6 27. Nd7
Rd8 28. a4 Nd5 29. Nxb6 Nb4 30. Rc7 Na2 31. Nc4 Rd2 32. Nb6 Rd8 0-1

[Event "Gran pri CS 2010-2011"]
[Site "Despotovac"]
[Date "2011.10.22"]
[Round "5"]
[White "Perunovic, Milos"]
[Black "Damljanovic, Branko"]
[Result "1-0"]
[WhiteElo "2576"]
[BlackElo "2607"]
[PlyCount "106"]
[Source "Perpetual Check"]

1. e4 d6 2. d4 Nf6 3. Nc3 e5 4. Nf3 Nbd7 5. Bc4 Be7 6. O-O Nb6 7. Be2 exd4 8.
Nxd4 O-O 9. a4 a5 10. Re1 Re8 11. Bf1 c6 12. h3 Bf8 13. Bg5 Nbd7 14. Bc4 h6 15.
Bh4 Ne5 16. Ba2 Ng6 17. Bg3 Qb6 18. Qd2 Be6 19. Nxe6 fxe6 20. e5 dxe5 21. Qd3
Kh7 22. Ne4 Rad8 23. Qf3 Nxe4 24. Rxe4 Qxb2 25. Ree1 Bb4 26. c3 Qxc3 27. Qh5 e4
28. Rac1 Qd2 29. Bb1 Qg5 30. Qxg5 hxg5 31. Rxe4 Kh6 32. Bc7 Rd7 33. Bb6 e5 34.
Rg4 Nf4 35. Kh2 g6 36. h4 gxh4 37. Be3 g5 38. g3 hxg3+ 39. fxg3 Bd2 40. Rd1
Red8 41. Bb6 Kh5 42. Bf5 Rf7 43. Rxf4 gxf4 44. g4+ Kh6 45. Bxd8 Bc3 46. Kg2 Kg7
47. Kf3 Bd4 48. Ke4 b5 49. g5 bxa4 50. Rh1 Rf8 51. Bf6+ Rxf6 52. Rh7+ Kf8 53.
gxf6 Ke8 1-0

[Event "Gran pri CS 2010-2011"]
[Site "Despotovac"]
[Date "2011.10.22"]
[Round "5"]
[White "Ivanisevic, Ivan"]
[Black "Nestorovic, Nikola"]
[Result "0-1"]
[WhiteElo "2633"]
[BlackElo "2464"]
[PlyCount "86"]
[Source "Perpetual Check"]

1. d4 Nf6 2. c4 e6 3. Nc3 Bb4 4. Qc2 O-O 5. Nf3 d5 6. cxd5 exd5 7. Bg5 c5 8.
dxc5 Nc6 9. e3 h6 10. Bxf6 Qxf6 11. O-O-O Bxc3 12. Qxc3 Qxc3+ 13. bxc3 Be6 14.
Nd4 Rac8 15. Nb3 Ne5 16. Bb5 a6 17. Be2 Nd7 18. Rd4 Nxc5 19. Nxc5 Rxc5 20. Kb2
Rfc8 21. Rc1 Kf8 22. a4 Ke7 23. h4 g5 24. Rb4 R8c7 25. hxg5 hxg5 26. f4 gxf4
27. exf4 f5 28. Bd3 Kd6 29. Rd4 Rg7 30. Rc2 b5 31. axb5 axb5 32. Rb4 Bd7 33.
Rd2 Rg3 34. Rd4 Be6 35. Kb3 Rg8 36. Kb4 Ra8 37. Bxb5 Ra1 38. c4 Rb1+ 39. Kc3
Rbxb5 40. g4 fxg4 41. f5 Bxf5 42. Rf2 Be6 43. Rfd2 Ke7 0-1

[Event "Gran pri CS 2010-2011"]
[Site "Despotovac"]
[Date "2011.10.22"]
[Round "5"]
[White "Cabrilo, Goran"]
[Black "Milanovic, Danilo"]
[Result "1/2-1/2"]
[WhiteElo "2454"]
[BlackElo "2516"]
[PlyCount "22"]
[Source "Perpetual Check"]

1. c4 c5 2. Nf3 Nf6 3. Nc3 Nc6 4. g3 g6 5. Bg2 d6 6. d4 cxd4 7. Nxd4 Bd7 8. O-O
Bg7 9. Nxc6 Bxc6 10. e4 O-O 11. Qe2 Nd7 1/2-1/2

[Event "Gran pri CS 2010-2011"]
[Site "Despotovac"]
[Date "2011.10.22"]
[Round "5"]
[White "Todorovic, Goran M"]
[Black "Zlatanovic, Boroljub"]
[Result "0-1"]
[WhiteElo "2487"]
[BlackElo "2437"]
[PlyCount "111"]
[Source "Perpetual Check"]

1. e4 e6 2. d4 d5 3. Nd2 Nc6 4. Ngf3 Nf6 5. e5 Nd7 6. Be2 Be7 7. b3 f6 8. Bb2
O-O 9. O-O fxe5 10. Nxe5 Ndxe5 11. dxe5 Bc5 12. Nf3 Qe7 13. a3 a5 14. c4 dxc4
15. Bxc4 Bd7 16. Qe2 Rad8 17. Rfd1 Bc8 18. Rxd8 Nxd8 19. Bd3 Bd7 20. Qe4 g6 21.
Nd4 Nc6 22. Nf3 Nd8 23. Qe2 Bc6 24. Be4 Rf4 25. Bxc6 Nxc6 26. Rd1 Rf8 27. Bc1
Rd8 28. Bg5 Rxd1+ 29. Qxd1 Qe8 30. a4 Nb4 31. Bf6 Nd5 32. Ng5 h6 33. Ne4 Be7
34. Qg4 Bxf6 35. exf6 Kf7 36. Qh4 Qh8 37. Ng5+ Ke8 38. Nxe6 Qxf6 39. Nxc7+ Kd7
40. Qxf6 Nxf6 41. Nb5 Kc6 42. Nd4+ Kc5 43. Nc2 Ne4 44. f4 Nd2 45. g4 Nxb3 46.
h4 Kd5 47. Kf2 Nc5 48. Ne3+ Ke4 49. f5 gxf5 50. Nxf5 Nxa4 51. Nd6+ Kf4 52. g5
hxg5 53. hxg5 Nc5 54. g6 Ne6 55. Nxb7 a4 56. Na5 0-1

[Event "Gran pri CS 2010-2011"]
[Site "Despotovac"]
[Date "2011.10.22"]
[Round "5"]
[White "Lapcevic, Milos"]
[Black "Kovacevic, Aleksandar"]
[Result "0-1"]
[WhiteElo "2420"]
[BlackElo "2568"]
[PlyCount "124"]
[Source "Perpetual Check"]

1. d4 Nf6 2. c4 e6 3. Nc3 Bb4 4. Qc2 O-O 5. a3 Bxc3+ 6. Qxc3 d6 7. Nf3 b6 8. g3
Bb7 9. Bg2 Nbd7 10. O-O c5 11. Rd1 Qc7 12. b3 cxd4 13. Rxd4 e5 14. Rd1 b5 15.
a4 bxc4 16. Qxc4 Qxc4 17. bxc4 Nb6 18. Ba3 Nxc4 19. Bxd6 Nxd6 20. Rxd6 Rfe8 21.
a5 Rac8 22. Nd2 Bxg2 23. Kxg2 Red8 24. Rxd8+ Rxd8 25. Nc4 Rd5 26. Rb1 g5 27. a6
Rc5 28. Rb4 Kg7 29. Ra4 Nd7 30. Kf3 Nb8 31. Ke3 f5 32. Kd3 Kf6 33. f3 Rc6 34.
Ra5 Re6 35. e4 f4 36. Nd2 Rxa6 37. Rb5 Rd6+ 38. Kc3 Rc6+ 39. Kd3 Nd7 40. Nc4
Nc5+ 41. Kc3 fxg3 42. hxg3 h5 43. Kb4 Nd3+ 44. Kb3 Nc1+ 45. Kb4 Nd3+ 46. Kb3 h4
47. gxh4 gxh4 48. Rd5 Nc5+ 49. Kb4 Na6+ 50. Kb5 Re6 51. Rd2 Kg5 52. Ra2 Kf4 53.
Ra3 h3 54. Ne3 h2 55. Nd5+ Kg3 56. f4+ Kg4 57. Ra1 exf4 58. Kc4 Rh6 59. Rh1 Kg3
60. Kd4 Kg2 61. Ra1 h1=Q 62. Nxf4+ Kf3 0-1

[Event "Gran pri CS 2010-2011"]
[Site "Despotovac"]
[Date "2011.10.22"]
[Round "5"]
[White "Novoselski, Zoran"]
[Black "Abramovic, Bosko"]
[Result "1/2-1/2"]
[WhiteElo "2384"]
[BlackElo "2463"]
[PlyCount "96"]
[Source "Perpetual Check"]

1. e4 e5 2. Nf3 Nc6 3. c3 Nf6 4. d4 d6 5. Nbd2 Be7 6. Be2 O-O 7. O-O Re8 8. Re1
Bf8 9. Bf1 Bg4 10. Qc2 a6 11. h3 Bh5 12. d5 Ne7 13. Nh2 Nd7 14. b4 Kh8 15. Rb1
Ng8 16. c4 Be7 17. Nb3 Bg5 18. Be3 Bxe3 19. Rxe3 Ne7 20. c5 Nf8 21. Na5 Rb8 22.
c6 b5 23. a4 f5 24. f3 Bg6 25. Bd3 fxe4 26. fxe4 Ng8 27. axb5 axb5 28. Rg3 Nf6
29. Rf1 Nh5 30. Rg4 Nf4 31. Nb7 Qe7 32. Nf3 Bh5 33. Rg3 Bg6 34. Re1 h6 35. Qd2
Bh7 36. Bxb5 g5 37. Nh2 N8g6 38. Be2 Nh4 39. Bg4 Rf8 40. b5 Ra8 41. Qb2 Ra4 42.
b6 Bxe4 43. Rxe4 Rxe4 44. Nf3 Ne2+ 45. Kh2 cxb6 46. Qxb6 Rc4 47. Qb2 Qf6 48.
Na5 Qf4 1/2-1/2

[Event "Gran pri CS 2010-2011"]
[Site "Despotovac"]
[Date "2011.10.22"]
[Round "6"]
[White "Nestorovic, Nikola"]
[Black "Perunovic, Milos"]
[Result "0-1"]
[WhiteElo "2464"]
[BlackElo "2576"]
[PlyCount "24"]
[Source "Perpetual Check"]

1. e4 c5 2. Nf3 Nc6 3. d4 cxd4 4. Nxd4 Qc7 5. Nc3 e6 6. Be3 a6 7. Qd2 Nf6 8.
O-O-O Bb4 9. f3 Ne5 10. Qe1 Bxc3 11. Qxc3 Qxc3 12. bxc3 d5 {more moves} 0-1